| LEADER |
00943nam0a2200217 450 |
| 001 |
16868251 |
| 010 |
|
|
|a 978-2-36075-443-4
|b br.
|d 9,9
|
| 100 |
|
|
|a 20160930d2016 u u0frey01 ba
|
| 101 |
0 |
|
|a fre
|
| 102 |
|
|
|a FR
|
| 200 |
0 |
|
|a 99 nouveaux dessins pour ne plus faire de fautes
|f Sandrine Campese
|g illustrations Isabelle Fregevu-Claracq
|
| 207 |
|
1 |
|a
|
| 215 |
|
|
|a 1 vol. (217 p.)
|c illustrations en noir et blanc
|d 18 x 13 cm
|
| 300 |
|
|
|a Coup de coeur
|
| 330 |
|
|
|a Une méthode mnémotechnique qui permet d'éviter les fautes les plus courantes grâce à un dessin accompagné d'une explication, qui remet les règles en perspective, ainsi que leurs exceptions.
|
| 606 |
0 |
|
|a Français (langue)
|x Orthographe
|
| 676 |
|
|
|a 444
|
| 700 |
|
0 |
|a Campese
|b Sandrine
|4 70
|
| 702 |
|
0 |
|a Fregevu-Claracq
|b Isabelle
|4 440
|
| 900 |
|
|
|a Documentaire
|
| 995 |
|
|
|a Médiathèque
|c Médiathèque
|f 00156008743742
|h 00156008743742
|k 444 CAM
|o p
|q a
|r az
|e Médiathèque
|